=LDR 00000nam 2200000 4500 =001 INLIS000000000060837 =005 20220329114210 =035 ##$$a 0010-0322000190 =007 ta =008 220329###########################0#ind## =020 ##$$a 978-602-446-369-4 =082 ##$$a 297.73 =084 ##$$a 297.73 Has p =100 #$$a Hasbiyallah =245 1#$$a Pemgelolaan Pendidikan Islam : $b Teori dan praktik =260 ##$$a Bandung :$b Rosdakarya,$c 2019 =300 ##$$a 297 Halaman ; $c 26 cm =650 #4$$a Pendidikan Islam =990 ##$$a 14081408 =990 ##$$a 14081408 =990 ##$$a 14081408 =990 ##$$a 14081408